000 00497nam a22001697a 4500
005 20251108164840.0
008 250721s1990 xx 000 0 ara d
082 1 4 _a814/بدي
100 1 _aبدير، حلمي
245 1 0 _aمقالات متفرقة /
264 1 _aالقاهرة :
_bالدار الفنية للنشر و التوزيع،
_c1990.
300 _a193ص
650 1 7 _aالمقالات العربية
650 1 7 _aالأدب العربي
942 _2ddc
_cBK
999 _c15817
_d15817